| 000 | 00443nam a2200169Ia 4500 | ||
|---|---|---|---|
| 008 | 230711s9999||||xx |||||||||||||| ||und|| | ||
| 020 | _a978-3-319-31155-5 | ||
| 041 | _aENG | ||
| 082 |
_a333.7915 _bPA-S |
||
| 100 | _aPapa,Rocco | ||
| 245 | 0 | _aSmart energy in the smart city : urban planning for a sustainable future | |
| 250 | _a1st Ed. | ||
| 260 |
_c2016 _aNew Delhi _bSpringer |
||
| 300 | _a342p. | ||
| 650 | _aArchitecture | ||
| 942 | _cBK | ||
| 999 |
_c6429 _d6429 |
||